Countries ending in A - Statistics

General Stats
  • This quiz has been taken 236 times
    199 since last reset
  • The average score is 50 of 74
Answer Stats
Hint Answer % Correct
Africa Algeria
92%
South America Argentina
92%
Europe Austria
86%
Europe Albania
85%
Oceania Australia
84%
Europe Andorra
80%
North America Canada
79%
Asia India
78%
South America Venezuela
78%
Africa Angola
76%
South America Colombia
76%
North America Nicaragua
76%
Asia Armenia
75%
North America Panama
75%
Africa Zambia
75%
South America Bolivia
74%
North America Costa Rica
74%
North America Cuba
74%
Africa South Africa
74%
Europe Bulgaria
73%
Europe/Asia Russia
73%
Asia China
72%
Asia Indonesia
72%
Europe Latvia
72%
Africa Libya
71%
Europe Bosnia and Herzegovina
69%
North America Jamaica
69%
Europe Lithuania
69%
Asia South Korea
69%
Europe Croatia
68%
Africa Ghana
68%
North America Guatemala
68%
Africa Kenya
68%
Asia North Korea
68%
Europe Romania
68%
Europe Slovakia
68%
Europe Slovenia
68%
Europe Estonia
67%
South America Guyana
67%
Europe Serbia
67%
Asia Cambodia
66%
Oceania Tonga
65%
Africa Tunisia
65%
Africa Botswana
64%
North America Dominica
64%
Africa Ethiopia
64%
Africa Gambia
64%
Africa Guinea
64%
Asia Malaysia
64%
Europe Moldova
64%
Africa Somalia
64%
Asia Georgia
62%
Africa Namibia
62%
Asia Saudi Arabia
62%
Africa Eritrea
61%
Oceania Samoa
61%
Africa Liberia
60%
Europe Malta
60%
North America Saint Lucia
60%
North America United States of America
60%
Africa Nigeria
59%
Europe North Macedonia
59%
Africa Equatorial Guinea
58%
North America Grenada
58%
Africa Tanzania
58%
Asia Mongolia
56%
Africa Rwanda
55%
Asia Syria
55%
Africa Uganda
55%
Asia Sri Lanka
54%
Africa Mauritania
52%
Oceania Papua New Guinea
51%
Oceania Federated States of Micronesia
49%
North America Antigua and Barbuda
45%
No matching quizzes found
Score Distribution
Percent of People with Each Score
Percentile by Number Answered
Your Score History
You have not taken this quiz since the last reset